[Event "Open Vitrolles 2021/2022"]
[Site "Vitrolles"]
[Date "2021.02.10"]
[Round "6.8"]
[White "Porte, Jacques"]
[Black "Guyard, Gerard"]
[Result "1/2-1/2"]
[WhiteElo "1270"]
[BlackElo "1293"]
[PlyCount "111"]
[EventDate "2021.??.??"]

1. d4 d5 2. c4 Nc6 3. Nf3 Nf6 4. Nc3 Bg4 5. cxd5 Nxd5 6. e4 Bxf3 7. gxf3 Nxc3
8. bxc3 e6 9. e5 Qd5 10. Bd3 O-O-O 11. Be4 Qc4 12. Qc2 Be7 13. Bf4 Rd5 14. Bd3
Qxc3+ 15. Qxc3 Bb4 16. Qxb4 Nxb4 17. Be4 Rb5 18. O-O Rd8 19. Rfd1 Nd5 20. Bxd5
Rbxd5 21. a4 f6 22. exf6 gxf6 23. Be3 e5 24. Ra3 f5 25. f4 exd4 26. Bc1 c5 27.
Rg3 c4 28. Ba3 d3 29. Bb4 Rd4 30. Bd2 h5 31. Rg5 c3 32. Bxc3 Rxf4 33. Rxh5 Rg4+
34. Kf1 f4 35. Rh3 Rdg8 36. Ke1 Rd8 37. Rdxd3 Rxd3 38. Rxd3 Rg2 39. Rf3 Rg4 40.
Be5 Rg8 41. Bxf4 Rf8 42. Rc3+ Kd7 43. Bg3 Rc8 44. Rd3+ Ke6 45. Rd4 Re8 46. Re4+
Kf7 47. f3 Rxe4+ 48. fxe4 a6 49. a5 Ke6 50. e5 Kf5 51. Ke2 Ke6 52. Kd3 Kd5 53.
h4 Ke6 54. Ke4 Kf7 55. Kd5 Ke7 56. e6 1/2-1/2

[Event "Open Vitrolles 2021/2022"]
[Site "Vitrolles"]
[Date "2022.02.27"]
[Round "6.9"]
[White "Biard, Noah"]
[Black "Schoeni, Christine"]
[Result "1-0"]
[WhiteElo "1220"]
[BlackElo "1199"]
[PlyCount "59"]

1. e4 d5 2. exd5 Qxd5 3. Nc3 Qd8 4. d4 e6 5. Nf3 Bb4 6. Bc4 Nc6 7. O-O Nf6 8.
Bg5 Bxc3 9. bxc3 h6 10. Bh4 Na5 11. Bd3 Nc6 12. Re1 Bd7 13. Rb1 b6 14. d5 Ne7
15. dxe6 fxe6 16. Ne5 O-O 17. Bxf6 Rxf6 18. Nxd7 Qxd7 19. Bh7+ Kxh7 20. Qxd7
Nd5 21. Qc6 Raf8 22. f3 g5 23. Rxe6 Rxe6 24. Qxe6 Nxc3 25. Qd7+ Kg8 26. Re1 Rf7
27. Re8+ Kg7 28. Qd4+ Kg6 29. Rg8+ Kh7 30. Qh8# 1-0

[Event "Open Vitrolles 2021/2022"]
[Site "Vitrolles"]
[Date "2022.02.27"]
[Round "6.10"]
[White "Lovato, Enzo"]
[Black "Cortes-Sobral, Maria"]
[Result "1-0"]
[WhiteElo "1199"]
[BlackElo "1199"]
[PlyCount "93"]

1. d4 Nf6 2. Bf4 e6 3. Nf3 Bd6 4. Bg3 Ne4 5. e3 Qe7 6. Nbd2 Nc6 7. Nxe4 Nb4 8.
c3 Na6 9. Bd3 f5 10. Ned2 c5 11. Bxd6 Qxd6 12. Ne5 cxd4 13. Qh5+ g6 14. Nxg6
Kd8 15. exd4 Kc7 16. Nxh8 Qf8 17. Qxh7 Qe8 18. Nf7 d5 19. Ne5+ Kb8 20. Bxa6
bxa6 21. Nb3 Bb7 22. Nc5 Bc8 23. Qg7 a5 24. c4 dxc4 25. Ncd7+ Bxd7 26. Nxd7+
Kc8 27. Nc5 Qc6 28. Qg8+ Kc7 29. Qxe6 Re8 30. Na6+ Kb7 31. Nc5+ Kb6 32. Nd7+
Kb5 33. Qxe8 Qe4+ 34. Qxe4 fxe4 35. h4 a4 36. h5 Kb4 37. Kd2 a3 38. bxa3+ Kxa3
39. Kc3 a5 40. h6 e3 41. fxe3 a4 42. Kd2 Kb4 43. h7 c3+ 44. Kc2 a3 45. h8=Q Kc4
46. Qc8+ Kb4 47. Rab1+ 1-0

[Event "Open Vitrolles 2021/2022"]
[Site "Vitrolles"]
[Date "2021.10.02"]
[Round "7.1"]
[White "Frailinu, Jean-Bernard"]
[Black "Tiran, Baptiste"]
[Result "0-1"]
[WhiteElo "1351"]
[BlackElo "1543"]
[PlyCount "68"]

1. Nf3 e6 2. c4 Nf6 3. Nc3 c6 4. d4 d5 5. e3 Bd6 6. a3 Nbd7 7. c5 Bc7 8. Bd3 e5
9. dxe5 Nxe5 10. Be2 Qe7 11. b4 a5 12. Bb2 Bf5 13. Nd4 Bg6 14. O-O Nc4 15. Qc1
h5 16. Nd1 Nxb2 17. Nxb2 Ng4 18. Nf3 Be4 19. h3 Bxf3 20. Bxf3 Qe5 21. g3 Nf6
22. Nd3 Qf5 23. Ne1 Qxh3 24. Bg2 Qg4 25. Nf3 Ne4 26. Qd1 g5 27. Nh2 Qe6 28.
Bxe4 Qxe4 29. Qf3 f5 30. Rfd1 Be5 31. Rab1 h4 32. Qxe4 dxe4 33. Kg2 axb4 34.
axb4 hxg3 0-1

[Event "Open Vitrolles 2021/2022"]
[Site "Vitrolles"]
[Date "2021.10.02"]
[Round "7.2"]
[White "Chauvet, Joelle"]
[Black "Boghossian, Lucie"]
[Result "1-0"]
[WhiteElo "1363"]
[BlackElo "1416"]
[Result "1-0"]
[PlyCount "135"]

1. d4 Nf6 2. Nf3 e6 3. c4 Bb4+ 4. Bd2 c5 5. Bxb4 cxb4 6. e3 O-O 7. Be2 d6 8.
O-O Nc6 9. Nbd2 Re8 10. Re1 e5 11. d5 Ne7 12. e4 Qb6 13. h3 Ng6 14. Qc2 Nf4 15.
Bf1 h6 16. Rac1 Nd7 17. Nb3 Nc5 18. Re3 Qc7 19. Qd2 a5 20. Nh4 b6 21. Be2 Qe7
22. Nf5 Bxf5 23. exf5 Qg5 24. Bf1 Nxb3 25. axb3 Nxh3+ 26. Kh2 Nf4 27. Qd1 Qxf5
28. Rg3 Ng6 29. Qf3 Qxf3 30. Rxf3 Rac8 31. g3 Ne7 32. Bh3 Rc7 33. Re3 Rd8 34.
Rce1 Ng6 35. Bf5 Nf8 36. f4 exf4 37. gxf4 g6 38. Bc2 Kg7 39. Kg3 Nh7 40. Re7
Rdd7 41. Re8 Nf6 42. R8e2 Nh5+ 43. Kf3 Nf6 44. Rg1 Re7 45. Reg2 Rc8 46. Re2
Rxe2 47. Kxe2 Nxd5 48. Kf3 Nf6 49. Re1 d5 50. Bd3 dxc4 51. bxc4 Rd8 52. Bf1 Rd2
53. b3 Rb2 54. Re3 Nd7 55. Be2 Nc5 56. Bd1 Rb1 57. Bc2 Ne6 58. Bxb1 Nd4+ 59.
Ke4 Ne6 60. Ke5 Nc5 61. Kd5 Kf8 62. Kc6 Ne6 63. Re4 Nc5 64. Re3 Ne6 65. f5 Nd4+
66. Kxb6 Nxf5 67. Bxf5 gxf5 68. Rf3 1-0

[Event "Open Vitrolles 2021/2022"]
[Site "Vitrolles"]
[Date "2021.10.02"]
[Round "7.3"]
[White "Benoit-Lizon, Alain"]
[Black "Cens, Alain"]
[Result "1/2-1/2"]
[WhiteElo "1375"]
[BlackElo "1411"]
[PlyCount "114"]

1. e4 c5 2. Nf3 d6 3. Bb5+ Bd7 4. c4 g6 5. Nc3 Bg7 6. d4 cxd4 7. Nxd4 Nf6 8.
O-O O-O 9. h3 a6 10. Bxd7 Qxd7 11. Be3 Nc6 12. Rc1 Rac8 13. b3 Rfd8 14. f3 e6
15. Na4 Qe7 16. Nb6 Rc7 17. Rf2 Nd7 18. Nc2 Ncb8 19. Rd2 Rc6 20. Nxd7 Nxd7 21.
Nb4 Rc5 22. Bxc5 dxc5 23. Nd3 Bd4+ 24. Kh1 Be3 25. Rcc2 Bxd2 26. Rxd2 Nb8 27.
Nxc5 Rxd2 28. Qxd2 Qxc5 29. Qd8+ Qf8 30. Qc7 b5 31. cxb5 axb5 32. Qb7 b4 33. g4
Qd6 34. e5 Qxe5 35. Qxb4 Nc6 36. Qd2 Nd4 37. Kg2 Qe2+ 38. Qxe2 Nxe2 39. a4 Kf8
40. a5 Nc3 41. Kf2 Ke7 42. Ke3 Kd6 43. Kd4 Nb5+ 44. Kc4 Kc6 45. b4 f5 46. gxf5
exf5 47. f4 h6 48. h4 Nd6+ 49. Kd4 Nf7 50. a6 Kb6 51. Kd5 g5 52. fxg5 hxg5 53.
hxg5 Nxg5 54. b5 f4 55. Kd4 f3 56. Ke3 Ne4 57. Kxf3 Nc5 1/2-1/2

[Event "Open Vitrolles 2021/2022"]
[Site "Vitrolles"]
[Date "2021.10.02"]
[Round "7.4"]
[White "De Moura Navalho, Joao-Curtis"]
[Black "Briquet, Xavier"]
[Result "0-1"]
[WhiteElo "1118"]
[BlackElo "1444"]
[PlyCount "196"]

1. e4 e5 2. Nf3 Nc6 3. d4 d6 4. dxe5 dxe5 5. Qxd8+ Kxd8 6. Bb5 Nge7 7. b3 f6 8.
O-O Bd7 9. Rd1 a6 10. Bc4 Ke8 11. Nc3 Rd8 12. Ba3 b5 13. Bd5 b4 14. Bxc6 bxa3
15. Bxd7+ Rxd7 16. Rxd7 Kxd7 17. Rd1+ Ke6 18. Rd8 Ng6 19. Ne2 Be7 20. Rd5 Rc8
21. g3 c6 22. Ra5 Ra8 23. Nd2 Bb4 24. Nc4 Bxa5 25. Nxa5 Ne7 26. Nc4 Rd8 27. f4
c5 28. f5+ Kf7 29. Nc3 Rd4 30. Nxa3 Nc6 31. Na4 Rxe4 32. Nxc5 Re2 33. Nxa6 Nd4
34. Nb4 Nxf5 35. Nc4 Ke6 36. a4 Nd4 37. Na3 Nf3+ 38. Kf1 Rxh2 39. a5 Rd2 40. a6
Rd8 41. a7 Nd4 42. Nc4 Ra8 43. c3 Nb5 44. Nc6 Nxa7 45. Nb6 Nxc6 46. Nxa8 Kd6
47. Ke2 Na5 48. b4 Nb7 49. c4 Nd8 50. Kd3 Kc6 51. c5 Ne6 52. Nb6 Kb5 53. Nd5
Nd4 54. Ne7 f5 55. c6 Nxc6 56. Nxf5 g6 57. Ne3 Kxb4 58. Nd5+ Kc5 59. Ke4 Kd6
60. Nf6 h5 61. Nh7 Ne7 62. Ng5 Nf5 63. Nf7+ Ke6 64. Nxe5 Nxg3+ 65. Kf4 Ne2+ 66.
Ke4 Kf6 67. Nxg6 Kxg6 68. Kf3 Nd4+ 69. Kg3 Kg5 70. Kh3 Nf3 71. Kg3 Nd2 72. Kh3
Ne4 73. Kh2 Kg4 74. Kg2 h4 75. Kh2 Nd2 76. Kg2 h3+ 77. Kh2 Nf3+ 78. Kh1 Ne1 79.
Kh2 Kh4 80. Kh1 Kg3 81. Kg1 Nf3+ 82. Kh1 Nh4 83. Kg1 Nf5 84. Kh1 Ne3 85. Kg1
Ng4 86. Kh1 Nf2+ 87. Kg1 h2+ 88. Kf1 h1=Q+ 89. Ke2 Qf3+ 90. Kf1 Nd1+ 91. Ke1
Nb2 92. Kd2 Kf4 93. Ke1 Na4 94. Kd2 Ke4 95. Ke1 Qg2 96. Kd1 Kd3 97. Kc1 Kc3 98.
Kb1 Qb2# 0-1

[Event "Open Vitrolles 2021/2022"]
[Site "Vitrolles"]
[Date "2021.10.02"]
[Round "7.5"]
[White "Bouriel, Michel"]
[Black "Biard, Noah"]
[Result "1-0"]
[WhiteElo "1329"]
[BlackElo "1256"]
[PlyCount "73"]

1. c4 e5 2. Nc3 Nc6 3. Nf3 f5 4. d3 Bc5 5. g3 Nf6 6. Bg2 O-O 7. O-O d6 8. a3 a5
9. Bd2 Nh5 10. Bg5 Qe8 11. Nd5 Qf7 12. Bd2 a4 13. Ng5 Qd7 14. e4 Nf6 15. exf5
Qxf5 16. Nxc7 Qxd3 17. Nxa8 Bg4 18. Bf3 Bxf3 19. Nxf3 Ne4 20. Kg2 Nd4 21. Nxd4
Qxd4 22. Be3 Qxc4 23. Nc7 Bxe3 24. fxe3 Rxf1 25. Qxf1 Qc2+ 26. Kg1 Qxc7 27. Rc1
Qd7 28. Qc4+ d5 29. Qc8+ Qxc8 30. Rxc8+ Kf7 31. Rc7+ Kf6 32. Rxb7 Nd2 33. Kf2
Nc4 34. b4 Nxa3 35. b5 Nc4 36. b6 a3 37. Ra7 1-0

[Event "Open Vitrolles 2021/2022"]
[Site "Vitrolles"]
[Date "2021.10.02"]
[Round "7.6"]
[White "Leonti, Denis"]
[Black "Alvarez, Frederic"]
[Result "1-0"]
[WhiteClub "Hay Chess"]
[BlackClub "Salon Nostradamus"]
[WhiteElo "1193"]
[BlackElo "1199"]
[Result "1-0"]
[PlyCount "93"]

1. e4 c5 2. Nf3 Nc6 3. Bb5 a6 4. Bxc6 bxc6 5. d3 d5 6. O-O Bg4 7. h3 Bh5 8. Be3
e6 9. Nbd2 Bd6 10. c3 Nf6 11. Qa4 Qc7 12. e5 Bxe5 13. Nxe5 O-O 14. Bxc5 Qxe5
15. Bxf8 Rxf8 16. Rfe1 Qg5 17. Qc2 Nd7 18. d4 e5 19. Qc1 e4 20. Nxe4 Qxc1 21.
Raxc1 dxe4 22. Rxe4 f6 23. Rce1 Bf7 24. Re7 Nb8 25. b3 Rd8 26. Rb7 g5 27. Ree7
Rf8 28. c4 Kg7 29. d5 cxd5 30. cxd5 Kg8 31. g4 Bg6 32. d6 Nc6 33. Rec7 Ne5 34.
Kf1 Bd3+ 35. Ke1 Re8 36. Kd2 Be4 37. Ra7 Nf3+ 38. Kc3 Ne5 39. d7 Nxd7 40. Rxd7
Kf8 41. Rxa6 Rc8+ 42. Kd4 Bg6 43. Rxf6+ Ke8 44. Ra7 Rd8+ 45. Ke5 Rd2 46. Re6+
Kd8 47. Rd6+ 1-0

[Event "Open Vitrolles 2021/2022"]
[Site "Vitrolles"]
[Date "2021.10.02"]
[Round "7.7"]
[White "Guyard, Gerard"]
[Black "Lovato, Enzo"]
[Result "0-1"]
[WhiteElo "1305"]
[BlackElo "1199"]
[PlyCount "64"]
[EventDate "2021.??.??"]
[WhiteTeam "Club d'Echecs de Miramas"]
[BlackTeam "Club d'Echecs de Miramas"]

1. b3 e5 2. Bb2 Nc6 3. c4 f6 4. e3 b6 5. Be2 Bb4 6. a3 Bd6 7. Qc2 Nge7 8. d3
O-O 9. Nd2 Nf5 10. Ne4 Be7 11. Nf3 a5 12. g4 Nh6 13. Nh4 f5 14. Nxf5 Nxf5 15.
gxf5 Rxf5 16. O-O-O Qf8 17. Rdf1 Bxa3 18. Rhg1 Bxb2+ 19. Qxb2 Nb4 20. Bg4 Nxd3+
21. Kc2 Nxb2 22. Kxb2 Rf7 23. Bh5 g6 24. Bxg6 hxg6 25. Rxg6+ Rg7 26. Nf6+ Kf7
27. Rh6 a4 28. Nh5 axb3 29. Kc3 Qa3 30. Rf6+ Kg8 31. Kd3 b2+ 32. Ke2 e4 0-1

[Event "Open Vitrolles 2021/2022"]
[Site "Vitrolles"]
[Date "2021.10.02"]
[Round "7.8"]
[White "Piquemal, Jean-Christophe"]
[Black "Corrias, Robert"]
[Result "0-1"]
[WhiteElo "1129"]
[BlackElo "1449"]
[PlyCount "102"]

1. d4 Nf6 2. c4 e6 3. Nc3 d5 4. Nf3 Nc6 5. Bg5 Be7 6. e3 O-O 7. cxd5 exd5 8.
Bb5 Bf5 9. Bxc6 bxc6 10. O-O h6 11. Bh4 Rb8 12. b3 Ba3 13. Ne5 Qd6 14. Bg3 Qe6
15. Qe2 c5 16. Na4 cxd4 17. exd4 Rfe8 18. Nc5 Bxc5 19. dxc5 Ng4 20. Rfe1 Nxe5
21. Qxe5 Qxe5 22. Bxe5 Re7 23. Rad1 Rbe8 24. f4 f6 25. Bc3 Rxe1+ 26. Rxe1 Rxe1+
27. Bxe1 Kf7 28. Kf2 Ke7 29. Ke3 Kd7 30. Kd4 c6 31. g3 Ke6 32. b4 a6 33. a3 Be4
34. Bd2 Kf5 35. h4 Kg4 36. Be1 Kf3 37. a4 Bc2 38. a5 Ba4 39. Kd3 Bb5+ 40. Kd2
Ke4 41. Bf2 f5 42. Ke1 h5 43. Kd2 g6 44. Ke1 d4 45. Kd2 d3 46. Ke1 Kf3 47. Bd4
Kxg3 48. Be5 Kxh4 49. Kd2 Kg3 50. Ke3 h4 51. Kd4 d2 0-1

[Event "Open Vitrolles 2021/2022"]
[Site "Vitrolles"]
[Date "2021.10.02"]
[Round "7.9"]
[White "Schoeni, Christine"]
[Black "Porte, Jacques"]
[Result "0-1"]
[WhiteElo "1199"]
[BlackElo "1259"]
[PlyCount "94"]

1. d4 d5 2. Nc3 Nf6 3. Nf3 e6 4. Bg5 Be7 5. e3 O-O 6. Bd3 Nc6 7. O-O Bd7 8. Ne5
Nxe5 9. dxe5 Ne8 10. Bxe7 Qxe7 11. e4 d4 12. Bb5 dxc3 13. Qxd7 Qxd7 14. Bxd7
cxb2 15. Rab1 c6 16. Rxb2 g6 17. Rxb7 Ng7 18. Bxc6 Rfc8 19. Ba4 Rc4 20. Bb3
Rxe4 21. Rb5 Nf5 22. Rd1 Nd4 23. Rc5 Rd8 24. Kh1 Kg7 25. h3 Rb8 26. f3 Nxb3 27.
cxb3 Re2 28. Ra5 Rb7 29. f4 Rc7 30. Kh2 Rcc2 31. Rg1 h5 32. Rxa7 h4 33. a4 Rf2
34. a5 Rxf4 35. Rb7 Rc5 36. a6 Ra5 37. a7 Re4 38. Rb1 Ra2 39. b4 Ree2 40. Rg1
Rxe5 41. b5 Re3 42. b6 Rb3 43. Rf1 Rg3 44. Rfxf7+ Kh6 45. a8=Q Raxg2+ 46. Kh1
Rg1+ 47. Kh2 R3g2# 0-1

[Event "Open Vitrolles 2021/2022"]
[Site "Vitrolles"]
[Date "2021.10.02"]
[Round "8.1"]
[White "Tiran, Baptiste"]
[Black "Bouriel, Michel"]
[Result "1-0"]
[WhiteElo "1543"]
[BlackElo "1329"]
[PlyCount "99"]
[EventDate "2021.??.??"]

1. d4 Nf6 2. c4 g6 3. Nf3 Bg7 4. g3 O-O 5. Bg2 d6 6. O-O Nc6 7. Nc3 Na5 8. Qd3
Bf5 9. e4 Be6 10. d5 Bg4 11. b4 c5 12. bxa5 Qxa5 13. Bd2 Qd8 14. Rab1 b6 15. h3
Bd7 16. Ne1 Qc8 17. Kh2 Ne8 18. f4 Rb8 19. Nf3 f5 20. e5 dxe5 21. fxe5 Nc7 22.
Bg5 Qe8 23. e6 Bc8 24. Qd2 Ba6 25. Bh6 Bxc4 26. Bxg7 Kxg7 27. Rfd1 h6 28. Ne5
Bxd5 29. Bxd5 Nxd5 30. Qxd5 Rd8 31. Qxd8 Qxd8 32. Rxd8 Rxd8 33. Nd7 Rc8 34. Nb5
Rc6 35. Re1 a6 36. Nc3 Rd6 37. Re2 Rd3 38. Na4 Rd6 39. Naxb6 Rc6 40. Nc4 g5 41.
Re5 Kg6 42. Rxc5 Rxc5 43. Nxc5 Kf6 44. Kg2 h5 45. Kf3 g4+ 46. hxg4 hxg4+ 47.
Kf4 Kg6 48. Ne5+ Kf6 49. Ned7+ Kg6 50. Nxa6 1-0

[Event "Open Vitrolles 2021/2022"]
[Site "Vitrolles"]
[Date "2021.10.02"]
[Round "8.2"]
[White "Briquet, Xavier"]
[Black "Benoit-Lizon, Alain"]
[Result "0-1"]
[WhiteElo "1444"]
[BlackElo "1375"]
[PlyCount "122"]
[EventDate "2021.??.??"]

1. e4 e5 2. Bc4 Nf6 3. Nc3 Nxe4 4. Qh5 Nd6 5. Bb3 Be7 6. Nf3 O-O 7. Nxe5 Bf6 8.
O-O g6 9. Nxg6 hxg6 10. Qxg6+ Bg7 11. d3 Qf6 12. Qh5 Qf5 13. Qh4 Qh7 14. Qg4
Qf5 15. Qg3 Kh8 16. Nd5 Na6 17. c3 Nc5 18. Ne7 Qxd3 19. Qxd3 Nxd3 20. Rd1 Nxc1
21. Raxc1 Re8 22. Nd5 Nb5 23. Rd3 Be5 24. Rh3+ Kg7 25. Bc2 Rh8 26. Rxh8 Kxh8
27. Re1 f6 28. Re4 c6 29. Rh4+ Kg7 30. Rh7+ Kf8 31. Ne7 Nd6 32. Ng6+ Kg8 33.
Ne7+ Kf8 34. Ng6+ Ke8 35. Nxe5 fxe5 36. Bg6+ Kf8 37. Bc2 Nf7 38. h4 d5 39. Bg6
Be6 40. h5 Kg8 41. h6 Nxh6 42. Rxb7 Nf5 43. Rc7 Rc8 44. Rxa7 d4 45. cxd4 exd4
46. g4 Nh4 47. Bh5 Nf3+ 48. Kg2 Ne5 49. g5 Nd7 50. b3 c5 51. f4 Ra8 52. Rc7
Rxa2+ 53. Kf1 Rb2 54. Bd1 Rb1 55. Ke1 Bg4 56. Kd2 Rxd1+ 57. Kc2 Rf1 58. Kd3
Rxf4 59. Kc4 Be6+ 60. Kd3 Rg4 61. Rc8+ Kf7 0-1

[Event "Open Vitrolles 2021/2022"]
[Site "Vitrolles"]
[Date "2021.10.02"]
[Round "8.3"]
[White "Cens, Alain"]
[Black "Chauvet, Joelle"]
[Result "1-0"]
[WhiteElo "1411"]
[BlackElo "1363"]
[PlyCount "101"]
[EventDate "2021.??.??"]
[WhiteTeam "Echiquier Pierreverdant"]
[BlackTeam "Club d'Echecs de Meyreuil"]

1. c4 e5 2. g3 Bc5 3. Nc3 Nf6 4. Bg2 c6 5. e3 O-O 6. Nge2 d6 7. O-O Be6 8. d4
exd4 9. exd4 Bb6 10. b3 d5 11. c5 Bc7 12. Bf4 Nbd7 13. Re1 Ba5 14. a3 Qc8 15.
b4 Bd8 16. Bd6 Re8 17. Nf4 Nf8 18. Ra2 Bf5 19. Rae2 Ne6 20. Re5 g6 21. f3 Bc7
22. Bxc7 Qxc7 23. Nxe6 Bxe6 24. Ne2 Nd7 25. Re3 g5 26. g4 Kg7 27. Ng3 Nf6 28.
Bf1 Rh8 29. Re5 h6 30. Bd3 Nd7 31. Nh5+ Kf8 32. R5e3 Qd8 33. Qc2 Nf6 34. Bf5
Nxh5 35. gxh5 Kg7 36. Bxe6 Qf6 37. Bg4 Qxd4 38. Qc3 Qxc3 39. Rxc3 Rhf8 40. Rce3
f5 41. Bh3 Rab8 42. Re6 Rf7 43. Rg6+ Kf8 44. Rxh6 Rg7 45. Rh8+ Rg8 46. Rxg8+
Kxg8 47. Bxf5 Kg7 48. Re6 d4 49. Kf2 Rd8 50. Ke2 Kf7 51. Kd3 1-0

[Event "Open Vitrolles 2021/2022"]
[Site "Vitrolles"]
[Date "2021.10.02"]
[Round "8.4"]
[White "Boghossian, Lucie"]
[Black "Leonti, Denis"]
[Result "1-0"]
[WhiteElo "1416"]
[BlackElo "1193"]
[PlyCount "33"]
[EventDate "2021.??.??"]

1. e4 d5 2. exd5 Nf6 3. Nc3 Nxd5 4. Bc4 Be6 5. Qf3 Nb4 6. Bxe6 fxe6 7. Nh3
Nxc2+ 8. Kf1 Nxa1 9. Qxb7 Nd7 10. Ng5 Qb8 11. Qf3 Ne5 12. Qe4 Nf7 13. Qc6+ Kd8
14. Nxf7+ Kc8 15. Nxh8 Nc2 16. Qxe6+ Kb7 17. Qe4+ 1-0

[Event "Open Vitrolles 2021/2022"]
[Site "Vitrolles"]
[Date "2021.10.02"]
[Round "8.5"]
[White "Lovato, Enzo"]
[Black "Frailinu, Jean-Bernard"]
[Result "0-1"]
[WhiteElo "1199"]
[BlackElo "1351"]
[PlyCount "120"]
[EventDate "2021.??.??"]

1. e4 e6 2. d4 d5 3. e5 c5 4. c3 Nc6 5. Nf3 Qb6 6. Be2 Nge7 7. O-O Nf5 8. Qa4
cxd4 9. cxd4 Nfxd4 10. Nxd4 Qxd4 11. Qxd4 Nxd4 12. Nc3 Bb4 13. Bb5+ Nxb5 14.
Nxb5 O-O 15. Be3 b6 16. Rac1 Ba6 17. a4 Bxb5 18. axb5 Rfc8 19. Rc6 Rxc6 20.
bxc6 Bc5 21. Bxc5 bxc5 22. Rc1 c4 23. Rc3 Rc8 24. b4 Rxc6 25. f4 g6 26. Kf2 Rb6
27. Ra3 Rxb4 28. Rxa7 Rb3 29. Ra8+ Kg7 30. h4 h5 31. Ra1 Rd3 32. Re1 d4 33. Re2
Rb3 34. Rd2 d3 35. Ke3 Rc3 36. g3 Kf8 37. Kf2 Ke7 38. Ke1 Rb3 39. Ra2 c3 40.
Ra1 Rb2 41. Kd1 Rg2 42. Ra7+ Kf8 43. Ke1 c2 44. Rc7 d2+ 45. Kf1 c1=Q+ 46. Rxc1
dxc1=Q+ 47. Kxg2 Qc2+ 48. Kh3 Qf5+ 49. Kg2 f6 50. exf6 Qxf6 51. Kf3 Ke7 52. g4
Qc3+ 53. Ke4 hxg4 54. f5 gxf5+ 55. Kf4 Qd2+ 56. Kg3 Qe3+ 57. Kg2 f4 58. h5 Qe2+
59. Kg1 g3 60. h6 Qf2+ 0-1

[Event "Open Vitrolles 2021/2022"]
[Site "Vitrolles"]
[Date "2021.10.02"]
[Round "8.6"]
[White "Porte, Jacques"]
[Black "De Moura Navalho, Joao-Curtis"]
[Result "1-0"]
[WhiteElo "1259"]
[BlackElo "1118"]
[PlyCount "131"]
[EventDate "2021.??.??"]

1. d4 d5 2. c4 e6 3. Nc3 Nf6 4. cxd5 Nxd5 5. e4 Nxc3 6. bxc3 c5 7. Nf3 b6 8.
Be3 cxd4 9. cxd4 Bb7 10. Bd3 Bb4+ 11. Bd2 Nc6 12. O-O Bxd2 13. Qxd2 O-O 14. Bc2
Qd6 15. a3 Rfd8 16. Rfd1 a6 17. Qe3 b5 18. Rd2 Ne7 19. Rad1 Rac8 20. h3 Rc4 21.
Bb3 Rc7 22. Bc2 Nc8 23. e5 Qe7 24. Be4 Bxe4 25. Qxe4 Qxa3 26. Rd3 Qb4 27. Ng5
g6 28. Qh4 h5 29. Nxe6 Rcd7 30. Nxd8 Ne7 31. Nxf7 Kxf7 32. Qf6+ Ke8 33. Qh8+
Kf7 34. Rf3+ Nf5 35. Qf6+ Kg8 36. Qxg6+ Ng7 37. Qc6 Rxd4 38. Rxd4 Qxd4 39. Qd6
Qa4 40. Qf8+ Kh7 41. Rf7 Qa1+ 42. Kh2 Qxe5+ 43. f4 Qc3 44. Qe7 Kg8 45. Rf8+ Kh7
46. Qe4+ Nf5 47. Qxf5+ Kg7 48. Qf7+ Kh6 49. Qf6+ Qxf6 50. Rxf6+ Kg7 51. Rxa6 h4
52. Rb6 b4 53. Rxb4 Kf6 54. Rb5 Kg6 55. g3 hxg3+ 56. Kxg3 Kf6 57. Kg4 Kg6 58.
f5+ Kf7 59. Kg5 Kg7 60. h4 Kf8 61. Rb7 Ke8 62. h5 Kf8 63. h6 Kg8 64. Kg6 Kf8
65. h7 Ke8 66. h8=Q# 1-0

[Event "Open Vitrolles 2021/2022"]
[Site "Vitrolles"]
[Date "2021.10.02"]
[Round "8.7"]
[White "Corrias, Robert"]
[Black "Rannou, Danielle"]
[Result "1-0"]
[WhiteElo "1449"]
[BlackElo "1122"]
[PlyCount "57"]
[EventDate "2021.??.??"]

1. Nf3 Nc6 2. d4 d5 3. Nc3 e6 4. Bf4 a6 5. e3 h6 6. a3 Bd6 7. Bg3 Nf6 8. Bd3
Qe7 9. Ne5 Bxe5 10. dxe5 Nd7 11. f4 Qc5 12. Qe2 d4 13. Ne4 Qb6 14. Bf2 Qxb2 15.
O-O Qb6 16. exd4 Qa5 17. Qg4 g6 18. Qh4 Ne7 19. c4 c6 20. Nd6+ Kf8 21. g4 b5
22. Be4 Qc7 23. Rfc1 Rb8 24. d5 c5 25. dxe6 fxe6 26. cxb5 axb5 27. Rxc5 Nxc5
28. Qf6+ Kg8 29. Qf7# 1-0

[Event "Open Vitrolles 2021/2022"]
[Site "Vitrolles"]
[Date "2021.10.02"]
[Round "8.8"]
[White "Alvarez, Frederic"]
[Black "Biard, Noah"]
[Result "1-0"]
[WhiteElo "1199"]
[BlackElo "1256"]
[PlyCount "93"]
[EventDate "2021.??.??"]

1. d4 Nf6 2. Nf3 c5 3. d5 e6 4. c4 exd5 5. cxd5 g6 6. Nc3 d6 7. Bg5 Bg4 8. Qa4+
Bd7 9. Qb3 Na6 10. Ne4 Qa5+ 11. Bd2 Qd8 12. Nxf6+ Qxf6 13. Bc3 Qf5 14. Bxh8 Nb4
15. Rc1 a5 16. a3 a4 17. Qc4 b5 18. e4 Qf4 19. Qc3 Na2 20. Qe3 Qxe3+ 21. fxe3
Nxc1 22. Bf6 Bh6 23. Kf2 b4 24. Bc4 Nb3 25. Bxb3 axb3 26. axb4 cxb4 27. Nd4 Rc8
28. h3 Kf8 29. g4 Bg7 30. g5 h6 31. h4 Re8 32. Kf3 h5 33. Rc1 Bxf6 34. gxf6 Kg8
35. Nxb3 Kh7 36. Rc7 Bg4+ 37. Kf4 Kg8 38. Nd4 b3 39. Rb7 Bh3 40. Nxb3 Re5 41.
Nd2 Bg2 42. Re7 g5+ 43. hxg5 h4 44. Rxe5 dxe5+ 45. Kg4 h3 46. Kg3 Kf8 47. Nf3
1-0

[Event "Open Vitrolles 2021/2022"]
[Site "Vitrolles"]
[Date "2021.10.02"]
[Round "8.9"]
[White "Guyard, Gerard"]
[Black "Piquemal, Jean-Christophe"]
[Result "0-1"]
[WhiteElo "1305"]
[BlackElo "1129"]
[PlyCount "92"]
[EventDate "2021.??.??"]

1. d4 d5 2. c4 e5 3. dxe5 d4 4. Nf3 Bb4+ 5. Bd2 Bxd2+ 6. Qxd2 Nc6 7. g3 f6 8.
exf6 Nxf6 9. Qd3 O-O 10. Nbd2 Bg4 11. a3 Qd7 12. h3 Bh5 13. Qb3 b6 14. g4 Bg6
15. g5 Ne4 16. Nxe4 Bxe4 17. O-O-O Bxf3 18. exf3 Qf5 19. Bd3 Qxg5+ 20. Kb1 Rad8
21. h4 Qf4 22. Be4 Ne5 23. h5 Nxf3 24. Qd3 Ng5 25. f3 Nxe4 26. fxe4 Qe3 27. Ka2
c5 28. Rhe1 Qxd3 29. Rxd3 Rf2 30. e5 Rh2 31. e6 Re8 32. Rf3 Rxh5 33. Ref1 Re5
34. Rf7 R5xe6 35. Rxa7 Rf6 36. Rg1 Rg6 37. Rf1 Rf8 38. Re1 d3 39. Rd7 Rg3 40.
Rd6 Rg4 41. Rxb6 Rxc4 42. Rd6 Rd4 43. Rxd4 cxd4 44. Rd1 Rf3 45. Rd2 h5 46. Rg2
h4 0-1

[Event "Open Vitrolles 2021/2022"]
[Site "Vitrolles"]
[Date "2021.02.10"]
[Round "9.1"]
[White "Tiran, Baptiste"]
[Black "Porte, Jacques"]
[Result "1-0"]
[WhiteElo "1584"]
[BlackElo "1231"]
[PlyCount "109"]
[EventDate "2021.??.??"]

1. d4 Nf6 2. c4 e6 3. Nf3 Be7 4. g3 d5 5. Bg2 O-O 6. O-O Re8 7. Nc3 Nbd7 8. Bf4
Nf8 9. Nb5 Bd6 10. Nxd6 cxd6 11. Nd2 Ng6 12. Bg5 h6 13. Bxf6 Qxf6 14. cxd5 Qxd4
15. Qc2 e5 16. Rfd1 Qb6 17. Rac1 Qd8 18. Qc3 Qd7 19. Qc7 Qe7 20. Ne4 Rd8 21. h4
Rd7 22. Qa5 b6 23. Qb4 f5 24. Nd2 f4 25. h5 Nf8 26. gxf4 Qh4 27. Nf3 Qxh5 28.
fxe5 dxe5 29. Qe4 Ng6 30. d6 Bb7 31. Qc4+ Kh8 32. Qe6 Rad8 33. Qh3 Bxf3 34.
Qxf3 Qxf3 35. Bxf3 Rxd6 36. Rxd6 Rxd6 37. Be4 Ne7 38. Rc7 Ng8 39. Rxa7 Rd1+ 40.
Kg2 Rd2 41. Ra8 Rd6 42. Bc2 g5 43. Bb3 Rg6 44. Rb8 h5 45. Bxg8 Rxg8 46. Rxb6
Kg7 47. a4 Rd8 48. a5 Rd2 49. a6 Rd8 50. a7 Ra8 51. Rb7+ Kf6 52. b4 Ke6 53. b5
Kd6 54. b6 Kc6 55. Rb8 1-0

[Event "Open Vitrolles 2021/2022"]
[Site "Vitrolles"]
[Date "2021.02.10"]
[Round "9.2"]
[White "Frailinu, Jean-Bernard"]
[Black "Benoit-Lizon, Alain"]
[Result "1-0"]
[WhiteElo "1345"]
[BlackElo "1396"]
[PlyCount "119"]
[EventDate "2021.??.??"]

1. c4 e5 2. Nf3 e4 3. Nd4 Nc6 4. e3 Nxd4 5. exd4 Qf6 6. d5 Qg6 7. Nc3 Nf6 8. d3
Bb4 9. Qc2 O-O 10. a3 exd3 11. Qxd3 Re8+ 12. Be3 Bc5 13. Qxg6 hxg6 14. Kd2 d6
15. b4 Bxe3+ 16. fxe3 c6 17. Be2 cxd5 18. cxd5 a6 19. Bf3 b5 20. Rac1 Bb7 21.
e4 Rac8 22. Rc2 Nd7 23. Bg4 f5 24. exf5 Ne5 25. Bh3 Nc4+ 26. Kd1 Ne3+ 27. Kd2
Nxc2 28. Kxc2 Bxd5 29. Kd2 Bb3 30. fxg6 Rc4 31. Bf5 Rf4 32. g4 Rf2+ 33. Kc1
Rc2+ 34. Bxc2 Bxc2 35. Kxc2 Re6 36. h4 Rxg6 37. g5 Re6 38. Nd5 Re4 39. Rh3 Kf7
40. Kd3 Re1 41. Nc7 Ra1 42. Kd4 Rd1+ 43. Ke4 Rc1 44. Nxa6 Rc6 45. Nb8 Rb6 46.
Rf3+ Ke7 47. Nd7 d5+ 48. Kxd5 Rd6+ 49. Kc5 Rxd7 50. Kxb5 Rb7+ 51. Ka6 Rd7 52.
b5 Rd4 53. Rh3 Ra4+ 54. Kb7 Kd6 55. b6 Ra5 56. Rc3 Ra4 57. h5 Rh4 58. h6 gxh6
59. Rc6+ Ke7 60. gxh6 1-0